Statistics for 9-1-1: Lone Star Characters Quiz

Click here to take the quiz!

General Stats

  • This quiz has been taken 500 times
    (499 since last reset)
  • The average score is 14 of 45

Answer Stats

Answer% Correct
Owen Strand
97%
TK Strand
97%
Carlos Reyes
89%
Grace Ryder
85%
Judd Ryder
83%
Paul Strickland
81%
Tommy Vega
78%
Mateo Chavez
76%
Marjan Marwani
75%
Michelle Blake
63%
Nancy Gillian
63%
Charles Vega
52%
Gabriel Reyes
52%
Iris Blake
52%
Andrea Reyes
40%
Billy Tyson
38%
Tim Rosewater
38%
Charlie Ryder
37%
Gwyneth Morgan
30%
Evie Vega
28%
Izzy Vega
26%
Wyatt Harris
22%
Jonah
19%
Enzo
15%
Alex
14%
Buttercup
13%
Catherine
13%
Sadie
11%
Zoe
10%
Pearce
9%
Salim
8%
Marlene Harris
5%
Detective Washington
4%
Stuart Ryder
4%
Josie
3%
Naomi Strickland
3%
Benjamin Williams
2%
Cynthia Strickland
2%
Denice Williams
2%
Theresa Blake
2%
Chief Radford
1%
Cpt. Tatum
1%
Ginsberg
1%
Nate Ryder
1%
Sam Ryder
1%

Score Distribution

Percentile by Number Answered

Percent of People with Each Score

Your Score History

You have not taken this quiz since the last reset